| 000 | 00348nam a2200121Ia 4500 | ||
|---|---|---|---|
| 008 | 191201s2011 xx 000 0 und d | ||
| 100 | _aMENDONCA, Brian | ||
| 245 | 0 | _aEnglish Paper based on Snapshots: An Anthology on One Act Plays Notes for BA II | |
| 260 |
_aN. Delhi _bVikas Pub _c2011 |
||
| 300 | _a286 | ||
| 650 | _aGeneral Books | ||
| 942 |
_2ddc _cBK |
||
| 999 |
_c296 _d296 |
||